[Event "Sparkassen-Open B"]
[Site "Heusenstamm, Martinsee"]
[Date "2023.11.25"]
[Round "5.20"]
[White "Homfeldt, Maren"]
[Black "Samy A S, Anthoni"]
[Result "0-1"]
[WhiteElo "1076"]
[BlackElo "1329"]
[PlyCount "120"]
[EventDate "2023.??.??"]
[WhiteTeam "SC Noris-Tarrasch Nürnberg 1873"]
[BlackTeam "SC Eschborn 1974"]

1. f4 d5 2. d4 Bf5 3. Nd2 e6 4. Ngf3 Nf6 5. Ne5 Ne4 6. g3 Nxd2 7. Bxd2 Be4 8. Rg1 c5 9. dxc5 Bxc5 10. e3 Qb6 11. c4 O-O 12. b4 Bxb4 13. Bxb4 Qxb4+ 14. Qd2 Qxd2+ 15. Kxd2 Rd8 16. c5 f6 17. Ng4 Bf5 18. Nf2 Nd7 19. Rc1 Rac8 20. g4 Be4 21. h4 Rxc5 22. Rxc5 Nxc5 23. g5 f5 24. h5 Bb1 25. g6 h6 26. Bd3 Bxd3 27. Nxd3 Ne4+ 28. Ke2 Nc3+ 29. Kf3 Rc8 30. Rc1 Kf8 31. Ne5 Ke7 32. a4 Rc7 33. a5 Nb5 34. Rxc7+ Nxc7 35. Nd3 Kd6 36. Nb4 Kc5 37. Nd3+ Kb5 38. Ne5 Kxa5 39. Nf7 b5 40. Nxh6 b4 41. Nf7 Ne8 42. Ng5 b3 43. Nxe6 b2 44. Nxg7 Nxg7 45. h6 b1=Q 46. hxg7 Qe4+ 47. Ke2 Qe8 48. Kd3 Qxg6 49. Kd4 Qxg7+ 50. Kxd5 Qe7 51. Kc6 Qxe3 52. Kd6 Kb6 53. Kd5 Qe4+ 54. Kd6 a5 55. Kd7 a4 56. Kd6 a3 57. Kd7 a2 58. Kd6 a1=R 59. Kd7 Rc1 60. Kd6 Rd1# 0-1

[Event "Sparkassen-Open B"]
[Site "Heusenstamm, Martinsee"]
[Date "2023.11.25"]
[Round "5.21"]
[White "Klein, Raphael"]
[Black "Weidemann, Max"]
[Result "1-0"]
[WhiteElo "1458"]
[BlackElo "1488"]
[PlyCount "141"]
[EventDate "2023.??.??"]
[WhiteTeam "SV 1926 Riegelsberg"]
[BlackTeam "Vorw.Orient Mainz"]

1. d4 Nf6 2. Nf3 g6 3. g3 Bg7 4. Bg2 O-O 5. O-O d5 6. Nbd2 Nbd7 7. c4 c6 8. b3 b6 9. Bb2 Bb7 10. Qc2 Re8 11. Rfe1 Rc8 12. e4 dxe4 13. Nxe4 Nxe4 14. Rxe4 Nf6 15. Re2 Qc7 16. Rae1 e6 17. Ne5 Rcd8 18. Rd2 Nd7 19. Nxd7 Rxd7 20. Red1 Red8 21. Bc3 a6 22. Qb2 b5 23. c5 a5 24. a3 Re7 25. f4 Rb8 26. b4 a4 27. Rd3 Rf8 28. Qe2 Bc8 29. Qf3 Bd7 30. Re1 Qd8 31. Bb2 f6 32. Rde3 Rfe8 33. Qe2 Qc7 34. Bh3 Kf7 35. Qf2 Bh6 36. R3e2 Bc8 37. Bc3 Bd7 38. Re4 Bg7 39. Qd2 Bc8 40. Bb2 Qd7 41. R4e3 Qd5 42. Bg2 Qd7 43. h3 f5 44. Rd3 Bf6 45. Bf3 h5 46. Kf2 Rh8 47. Rh1 Ree8 48. Rd1 Qc7 49. Re3 h4 50. Bg2 hxg3+ 51. Kxg3 Bh4+ 52. Kf3 g5 53. Re5 gxf4 54. Kxf4 Reg8 55. Bf3 Bg3+ 56. Ke3 Bxe5 57. dxe5 Rxh3 58. Kf4 Rh4+ 59. Ke3 Kf8 60. Qd3 Ke7 61. Bc3 Rh3 62. Kf4 Rd8 63. Qf1 Rxd1 64. Qxh3 Rd7 65. Qh7+ Kd8 66. Qg8+ Ke7 67. Qg7+ Ke8 68. Bh5+ Rf7 69. Qg8+ Ke7 70. Qxf7+ Kd8 71. Qe8# 1-0

[Event "Sparkassen-Open B"]
[Site "Heusenstamm, Martinsee"]
[Date "2023.11.25"]
[Time "15:30:00"]
[Round "5.22"]
[PlyCount "108"]
[White "Liu, Jonas"]
[Black "Bardorz, Christoph"]
[Result "1/2-1/2"]
[WhiteElo "1492"]
[BlackElo "1713"]
[WhiteTeam "SV Oberursel"]
[BlackTeam "TSV 1869 Rottendorf"]

1. e4 e5 2. Nf3 Nc6 3. Bc4 Nf6 4. Ng5 d5 5. exd5 Na5 6. Bb5+ c6 7. dxc6 bxc6 8.
Be2 h6 9. Nf3 e4 10. Ne5 Bd6 11. d4 exd3 12. Nxd3 Qc7 13. Be3 O-O 14. Nd2 Bf5
15. Nf3 Nc4 16. Bd4 Nd5 17. O-O c5 18. Nxc5 Bxc5 19. Bxc4 Rfd8 20. Bxc5 Qxc5
21. Bd3 Nf4 22. Ne1 Qd5 23. Qd2 Bxd3 24. cxd3 Nxd3 25. Rd1 Nb4 26. Qxd5 Rxd5
27. Rxd5 Nxd5 28. Nf3 Rc8 29. g3 Rc2 30. Rd1 Nb6 31. Rd8+ Kh7 32. Rd2 Rc1+ 33.
Kg2 Nc4 34. Re2 Kg6 35. Ne5+ Nxe5 36. Rxe5 Rc2 37. Ra5 Rxb2 38. Rxa7 h5 39. h4
Kh6 40. Rxf7 Rxa2 41. Kh3 Ra3 42. f3 Ra4 43. Rf4 Ra6 44. g4 hxg4+ 45. Kxg4 g6
46. Re4 Ra5 47. f4 Rb5 48. Re5 Rb6 49. h5 gxh5+ 50. Rxh5+ Kg6 51. f5+ Kf7 52.
Rh7+ Kf8 53. Rh8+ Kf7 54. Kg5 Ra6 1/2-1/2

[Event "Sparkassen-Open B"]
[Site "Heusenstamm, Martinsee"]
[Date "2023.11.25"]
[Time "15:30:00"]
[Round "5.23"]
[PlyCount "97"]
[White "Fettig, Konrad"]
[Black "Reinhold, Günther, Dr."]
[Result "1-0"]
[WhiteElo "1496"]
[BlackElo "1665"]
[WhiteTeam "SC ML Kastellaun"]
[BlackTeam "Sabt Frankfurter TV 1860"]

1. e4 c5 2. Nf3 e6 3. d4 cxd4 4. Nxd4 a6 5. b3 Qc7 6. Bb2 Nf6 7. Bd3 Be7 8. O-O b5 9. Nd2 Bb7 10. Rc1 d6 11. c4 b4 12. Re1 Nbd7 13. N2f3 O-O 14. Qd2 Nc5 15. e5 dxe5 16. Nxe5 Nxd3 17. Qxd3 Rac8 18. c5 Bxc5 19. Ndc6 Qb6 20. Nd4 Rfd8 21. Nef3 Bxf3 22. gxf3 Bxd4 23. Bxd4 Qd6 24. Qe3 Rxc1 25. Rxc1 Nd5 26. Qe5 Qxe5 27. Bxe5 f6 28. Bc7 Rc8 29. Bf4 Rxc1+ 30. Bxc1 Nc3 31. Kf1 Nxa2 32. Bd2 Kf7 33. Ke2 Ke7 34. Kd3 Kd6 35. Kc4 Kc6 36. Be3 a5 37. Bc5 Nc3 38. Bf8 g6 39. Be7 Nd5 40. Bd8 Kd7 41. Bxa5 Kc6 42. Bxb4 Nxb4 43. Kxb4 Kb6 44. Kc4 h5 45. f4 h4 46. h3 g5 47. fxg5 fxg5 48. f3 Kc6 49. Kd4 
1-0

[Event "Sparkassen-Open B"]
[Site "Heusenstamm, Martinsee"]
[Date "2023.11.25"]
[Round "5.24"]
[White "Bengsch, Norbert"]
[Black "Bär, Christian"]
[Result "1-0"]
[WhiteElo "1604"]
[BlackElo "1467"]
[PlyCount "34"]
[EventDate "2023.??.??"]
[WhiteTeam "SG Donautal Tuttlingen"]
[BlackTeam "SC Steinbach"]

1. d4 d5 2. Nf3 e6 3. e3 Nf6 4. Bd3 Bd6 5. b3 O-O 6. O-O b6 7. Bb2 Bb7 8. Nbd2 Nbd7 9. Ne5 c5 10. f4 Rc8 11. Ndf3 a6 12. Nxd7 Nxd7 13. Bxh7+ Kxh7 14. Ng5+ Kg6 15. Qd3+ f5 16. Nxe6 Qf6 17. Nxf8+ Qxf8 1-0

[Event "Sparkassen-Open B"]
[Site "Heusenstamm, Martinsee"]
[Date "2023.11.25"]
[Round "5.25"]
[White "Traut, Stefan"]
[Black "Longerich, Hans-Peter"]
[Result "1/2-1/2"]
[WhiteElo "1557"]
[BlackElo "1431"]
[PlyCount "48"]
[EventDate "2023.??.??"]
[WhiteTeam "SF Heusenstamm"]
[BlackTeam "SC Bayer Leverkusen e. V"]

1. d4 d5 2. Nf3 c6 3. g3 Nf6 4. Bg2 Bf5 5. O-O Nbd7 6. Nbd2 e6 7. c4 Be7 8. b3 h6 9. Bb2 O-O 10. Rc1 Rc8 11. Re1 Bg6 12. Nh4 Bh7 13. Nhf3 Re8 14. Ne5 Bb4 15. a3 Ba5 16. b4 Bc7 17. f4 Bf5 18. e4 dxe4 19. Nxe4 Nxe4 20. Bxe4 Bxe4 21. Rxe4 Nxe5 22. dxe5 Qxd1+ 23. Rxd1 Red8 24. Red4 Bb6 1/2-1/2

[Event "Sparkassen-Open B"]
[Site "Heusenstamm, Martinsee"]
[Date "2023.11.25"]
[Round "5.26"]
[White "Heller, Holger"]
[Black "Brunner, Andreas"]
[Result "1/2-1/2"]
[WhiteElo "1547"]
[BlackElo "1414"]
[PlyCount "71"]
[EventDate "2023.??.??"]
[WhiteTeam "SAbt TuS Dotzheim"]
[BlackTeam "FV Berkersheim"]

1. d4 d5 2. c4 c6 3. e3 Nf6 4. Nc3 g6 5. Nf3 Bg7 6. cxd5 Nxd5 7. Bc4 e6 8. O-O Nb6 9. Bb3 O-O 10. e4 Qc7 11. e5 a5 12. Ne4 Nd5 13. Nh4 b6 14. Be3 Bb7 15. Rc1 Nxe3 16. fxe3 Bh6 17. Qf3 Qe7 18. Nf6+ Kh8 19. Qh3 Nd7 20. Nf5 exf5 21. Qxh6 Nxf6 22. exf6 Qxf6 23. Qf4 Qe7 24. Rfe1 Rae8 25. h4 Qd8 26. h5 Re4 27. Qf2 Qh4 28. hxg6 Qxf2+ 29. Kxf2 fxg6 30. Rh1 Kg7 31. g3 Rfe8 32. Rhe1 Rf8 33. Bd1 Rf6 34. Bf3 Re7 35. Rc3 g5 36. Rec1 1/2-1/2

[Event "Sparkassen-Open B"]
[Site "Heusenstamm, Martinsee"]
[Date "2023.11.25"]
[Round "5.27"]
[White "Schmidt, Moritz"]
[Black "Kluge, Joscha"]
[Result "1/2-1/2"]
[WhiteElo "1453"]
[BlackElo "1547"]
[PlyCount "45"]
[EventDate "2023.??.??"]
[WhiteTeam "SV 1920 Plettenbe"]
[BlackTeam "SC Bergen-Enkheim 1922"]

1. e4 d6 2. d4 Nf6 3. Nc3 g6 4. Bf4 Bg7 5. Nf3 c5 6. dxc5 Qa5 7. Bd3 Qxc5 8. O-O O-O 9. h3 Nh5 10. Bd2 Qc7 11. Nd5 Qd8 12. Bc3 Nd7 13. Bxg7 Nxg7 14. Qd2 Nc5 15. Qh6 f6 16. Bc4 e6 17. Nxf6+ Qxf6 18. Ng5 Re8 19. Nxh7 Qf7 20. Ng5 Qf6 21. Nh7 Qf7 22. Ng5 Qf6 23. Nh7 1/2-1/2

[Event "Sparkassen-Open B"]
[Site "Heusenstamm, Martinsee"]
[Date "2023.11.25"]
[Round "5.28"]
[White "Leichum, Engelbert"]
[Black "Tran, Duy-Khang"]
[Result "1/2-1/2"]
[WhiteElo "1527"]
[BlackElo "1381"]
[PlyCount "54"]
[EventDate "2023.??.??"]
[WhiteTeam "Frankfurt/Main"]
[BlackTeam "TSV 1869 Rottendorf"]

1. e4 c5 2. d4 cxd4 3. c3 dxc3 4. Bc4 e6 5. Nxc3 Nc6 6. Nf3 a6 7. e5 Bb4 8. O-O Bxc3 9. bxc3 Qa5 10. Qd3 Nxe5 11. Nxe5 Qxe5 12. f4 Qc7 13. f5 b5 14. Bb3 Bb7 15. fxe6 dxe6 16. Ba3 Rd8 17. Qe3 Qc6 18. Rf2 Ne7 19. Bxe7 Kxe7 20. Raf1 Rhf8 21. Qg5+ Kd7 22. Rxf7+ Rxf7 23. Rxf7+ Kc8 24. Re7 Rd6 25. Qg4 Rd1+ 26. Bxd1 Qc5+ 27. Kh1 Qxe7 1/2-1/2

[Event "Sparkassen-Open B"]
[Site "Heusenstamm, Martinsee"]
[Date "2023.11.25"]
[Round "5.29"]
[White "Shymanskyi, Illia"]
[Black "Memmeler, Björn"]
[Result "1-0"]
[WhiteElo "1301"]
[BlackElo "1519"]
[PlyCount "52"]
[EventDate "2023.??.??"]
[WhiteTeam "SC Steinbach"]
[BlackTeam "Schachfüchse Kempen 1986 e. V."]

1. e4 c5 2. Nf3 Nc6 3. d4 cxd4 4. Nxd4 e5 5. Nf3 Nf6 6. Bg5 Qa5+ 7. Qd2 Nxe4 8. Qxa5 Nxa5 9. Bd2 Nxd2 10. Nbxd2 d6 11. O-O-O Bf5 12. Bb5+ Nc6 13. Nc4 Rd8 14. Na5 Bd7 15. Nxb7 Rb8 16. Bxc6 Bxc6 17. Nxd6+ Bxd6 18. Rxd6 Bxf3 19. gxf3 Ke7 20. Rhd1 Rb7 21. R6d3 Rhb8 22. b3 Rb4 23. Rd7+ Kf6 24. Rxa7 Rh4 25. Rd6+ Kg5 26. Rxf7 g6 1-0

[Event "Sparkassen-Open B"]
[Site "Heusenstamm, Martinsee"]
[Date "2023.11.25"]
[Round "5.31"]
[White "Herdt, Werner"]
[Black "Plotnikow, Jewgeni"]
[Result "0-1"]
[WhiteElo "1421"]
[BlackElo "1507"]
[PlyCount "110"]
[EventDate "2023.??.??"]
[WhiteTeam "SF Heusenstamm"]
[BlackTeam "SK Gründau"]

1. d4 d5 2. Nf3 Nf6 3. h3 Bf5 4. Nc3 e6 5. e3 Bd6 6. Bd3 Ne4 7. Nxe4 dxe4 8. Be2 exf3 9. Bxf3 c6 10. O-O O-O 11. e4 Bg6 12. Be3 Nd7 13. e5 Bc7 14. Bg4 Qe7 15. Qd2 h6 16. Bf4 Rad8 17. Qe2 Nb6 18. c3 Nd5 19. Bg3 b5 20. a3 a6 21. Bh5 Qg5 22. Bxg6 fxg6 23. Rad1 Rf7 24. Qe4 Rdf8 25. Bh4 Qf5 26. Qxf5 Rxf5 27. Bg3 Bd8 28. Rd3 Nf4 29. Bxf4 Rxf4 30. Rd2 g5 31. Re2 g4 32. Re3 gxh3 33. Rxh3 Re4 34. Re3 Rxe3 35. fxe3 Rxf1+ 36. Kxf1 g5 37. g4 Kg7 38. Kg2 Kg6 39. Kg3 h5 40. e4 Bc7 41. b3 a5 42. a4 bxa4 43. bxa4 c5 44. Kf3 cxd4 45. cxd4 hxg4+ 46. Kxg4 Bb6 47. d5 exd5 48. exd5 Bd4 49. e6 Be5 50. e7 Kf7 51. e8=Q+ Kxe8 52. Kxg5 Kd7 53. Kf5 Kd6 54. Ke4 Bg7 55. Kd3 Kxd5 0-1

[Event "Sparkassen-Open B"]
[Site "Heusenstamm, Martinsee"]
[Date "2023.11.25"]
[Round "5.33"]
[White "Gärtner, David"]
[Black "Joshi, Kanad"]
[Result "1/2-1/2"]
[WhiteElo "1286"]
[BlackElo "1412"]
[PlyCount "82"]
[EventDate "2023.??.??"]
[WhiteTeam "Sfr.Mainz 1928"]
[BlackTeam "SV Oberursel"]

1. d4 d5 2. c4 e6 3. Nf3 Nf6 4. g3 Be7 5. Bg2 O-O 6. O-O h6 7. Qc2 Nbd7 8. Nbd2 b6 9. e4 dxe4 10. Nxe4 Bb7 11. Nc3 c5 12. dxc5 Bxc5 13. a3 Rc8 14. b4 Bd6 15. Nb5 Bb8 16. Rd1 Qe7 17. Bb2 a6 18. Nbd4 Be4 19. Qe2 Rfd8 20. Rac1 Bd6 21. Nd2 Bxg2 22. Kxg2 Ne5 23. Nb5 axb5 24. Bxe5 Bxe5 25. Qxe5 bxc4 26. Nxc4 Rxd1 27. Rxd1 Rxc4 28. Qb8+ Kh7 29. Qxb6 Qc7 30. Qxc7 Rxc7 31. b5 Rb7 32. a4 Nd5 33. Rc1 Kg6 34. Rb1 Kf5 35. Rb3 Ke5 36. a5 Nc7 37. b6 Na6 38. Rd3 f5 39. Rd8 Nb8 40. f4+ Ke4 41. Rc8 Na6 1/2-1/2

[Event "Sparkassen-Open B"]
[Site "Heusenstamm, Martinsee"]
[Date "2023.11.25"]
[Round "5.34"]
[White "Ketting, Douwe"]
[Black "Laznik, Zeljko"]
[Result "1-0"]
[WhiteElo "1483"]
[BlackElo "1407"]
[PlyCount "69"]
[EventDate "2023.??.??"]
[WhiteTeam "SC Somborn 1933"]
[BlackTeam "SF Heusenstamm"]

1. b4 e5 2. Bb2 d6 3. e3 a6 4. c4 Qe7 5. a3 c5 6. Nc3 Nf6 7. Na4 Qc7 8. Nc3 Be6 9. b5 b6 10. Qf3 Ra7 11. e4 a5 12. a4 Be7 13. h3 h6 14. Qd3 O-O 15. Nge2 Nh7 16. f4 f5 17. Nd5 Qd8 18. fxe5 fxe4 19. Qxe4 Bf5 20. Qe3 Bg5 21. Qc3 Be6 22. O-O-O Bxd5 23. cxd5 dxe5 24. Qc4 Qd6 25. g3 Rd7 26. h4 Be7 27. Nc3 Rf2 28. Ne4 Qxd5 29. Qxd5+ Rxd5 30. Nxf2 c4 31. Bc3 Nd7 32. Bg2 Ba3+ 33. Kc2 Rd6 34. Rhe1 Re6 35. Bd5 1-0

[Event "Sparkassen-Open B"]
[Site "Heusenstamm, Martinsee"]
[Date "2023.11.25"]
[Round "5.35"]
[White "Heidtkamp, Anna"]
[Black "Papadopoulos, Kyriakos"]
[Result "0-1"]
[WhiteElo "1267"]
[BlackElo "1482"]
[PlyCount "80"]
[EventDate "2023.??.??"]
[WhiteTeam "Düsseldorfer SV 1854"]
[BlackTeam "VSG 1880 Offenbach"]

1. e4 e5 2. Nf3 Nc6 3. Bc4 Nf6 4. d3 h6 5. Nc3 Bc5 6. Be3 Bb6 7. O-O d6 8. h3 Be6 9. Bb3 O-O 10. Na4 Qd7 11. Nxb6 axb6 12. c3 Na5 13. Ba4 b5 14. Bc2 c5 15. d4 cxd4 16. cxd4 exd4 17. Bxd4 Qe7 18. Re1 Rfd8 19. Qd2 Nc6 20. a3 Rac8 21. Bb6 Rd7 22. Rac1 Ne5 23. Nxe5 dxe5 24. Qa5 Qe8 25. Qxb5 Nxe4 26. Qxe5 Nd6 27. Bd4 Qf8 28. Qg3 Rxc2 29. Rxc2 Nf5 30. Bxg7 Qxg7 31. Qxg7+ Kxg7 32. Kh1 Bd5 33. Rd2 Bxg2+ 34. Kxg2 Rxd2 35. Rb1 Nd6 36. b4 Ra2 37. Kf3 Rxa3+ 38. Kf4 Nc4 39. Rc1 Nb6 40. Rb1 Ra2 0-1

[Event "Sparkassen-Open B"]
[Site "Heusenstamm, Martinsee"]
[Date "2023.11.25"]
[Time "15:30:00"]
[Round "5.36"]
[White "Wöhl, Torsten"]
[Black "Barth, Horst"]
[Result "1/2-1/2"]
[WhiteElo "1463"]
[BlackElo "1261"]
[WhiteTeam "SC Groß-Zimmern"]
[BlackTeam "Sfr.Mainz 1928"]
[PlyCount "33"]

1. d4 Nf6 2. Bf4 e6 3. e3 Nc6 4. c3 d5 5. Nd2 Bd6 6. Bg3 a5 7. Bb5 Bd7 8. Bxd6 cxd6 9. Ba4 O-O 10. Ngf3 Ne4 11. O-O Rb8 12. Nxe4 dxe4 13. Nd2 d5 14. f3 f5 15. a3 b5 16. Bc2 Qe7 17. f4 
1/2-1/2

[Event "Sparkassen-Open B"]
[Site "Heusenstamm, Martinsee"]
[Date "2023.11.25"]
[Round "5.37"]
[White "Grimm, Benjamin"]
[Black "Dick, Markus"]
[Result "0-1"]
[WhiteElo "1198"]
[BlackElo "1408"]
[PlyCount "114"]
[EventDate "2023.??.??"]
[WhiteTeam "Godesberger SK 1929 e. V"]
[BlackTeam "SV 1934 Ffm-Griesheim"]

1. d4 d5 2. Nf3 Nf6 3. c3 c5 4. dxc5 e6 5. Be3 Nbd7 6. b4 a5 7. g3 Be7 8. Bg2 O-O 9. O-O Ng4 10. Qc1 Nxe3 11. Qxe3 Qc7 12. Nbd2 b6 13. cxb6 Nxb6 14. bxa5 Rxa5 15. Nb3 Nc4 16. Qc1 Ra3 17. Nfd2 Ba6 18. Nxc4 Bxc4 19. Qd2 Bxb3 20. axb3 Rxb3 21. Qa2 Rxc3 22. Qa7 Rc8 23. Qxc7 R3xc7 24. h4 Rc2 25. Ra7 Bc5 26. Rb7 g6 27. e3 Kg7 28. Bh3 Kf6 29. g4 Kg7 30. g5 Rc6 31. Rd7 Rc4 32. Rb1 Rb4 33. Rc1 Rxh4 34. Bxe6 Rxe6 35. Rxc5 Rg4+ 36. Kf1 Rxg5 37. Rdxd5 Rxd5 38. Rxd5 h5 39. Ke2 Kf6 40. f4 Rb6 41. Kf3 Rb3 42. Rg5 Kg7 43. Rg2 Kh6 44. Rg1 f6 45. Rd1 Rb6 46. Kg3 Re6 47. Re1 g5 48. e4 g4 49. f5 Re5 50. Kh4 Re8 51. Re3 Rg8 52. e5 fxe5 53. f6 Kg6 54. Rxe5 Kxf6 55. Rxh5 g3 56. Kh3 g2 57. Rh4 g1=Q 0-1

[Event "Sparkassen-Open B"]
[Site "Heusenstamm, Martinsee"]
[Date "2023.11.25"]
[Round "5.38"]
[White "Maibaum, Harry"]
[Black "Moissl, Julian"]
[Result "0-1"]
[WhiteElo "1450"]
[BlackElo "1188"]
[PlyCount "43"]
[EventDate "2023.??.??"]
[WhiteTeam "Sfr.Heimersheim"]
[BlackTeam "SJ Herborn 1998"]

1. d4 d5 2. Nc3 Nc6 3. Bf4 Bf5 4. a3 e6 5. f3 Nf6 6. g4 Bg6 7. h4 h5 8. g5 Nd7 9. e3 e5 10. Bh2 exd4 11. Nxd5 Bd6 12. Bxd6 cxd6 13. Bd3 Bxd3 14. Qxd3 Qa5+ 15. c3 Qxd5 16. O-O-O Nc5 17. Qe2 O-O 18. c4 d3 19. cxd5 dxe2 20. Nxe2 Ne5 21. Rhf1 Rfe8 22. Nf4 0-1

[Event "Sparkassen-Open B"]
[Site "Heusenstamm, Martinsee"]
[Date "2023.11.25"]
[Round "5.39"]
[White "Grünzig, Matthias"]
[Black "Hellmann, Alexander"]
[Result "1-0"]
[WhiteElo "1439"]
[BlackElo "1199"]
[PlyCount "129"]
[EventDate "2023.??.??"]
[WhiteTeam "FV Berkersheim"]
[BlackTeam "SJ Herborn 1998"]

1. d4 d5 2. Bf4 Bf5 3. e3 e6 4. Bd3 Bxd3 5. Qxd3 Bd6 6. Bxd6 Qxd6 7. Nf3 Nf6 8. Nbd2 Nbd7 9. O-O O-O 10. c4 c5 11. cxd5 Nxd5 12. Rac1 Nb4 13. Qb3 Nd5 14. Ne4 Qe7 15. Nxc5 Nxc5 16. Rxc5 b6 17. Rc6 Qb4 18. Qc2 Ne7 19. a3 Qb5 20. Rc3 Nd5 21. Rb3 Qa4 22. Rc1 Qd7 23. Ne5 Qc8 24. Qxc8 Rfxc8 25. Rxc8+ Rxc8 26. g3 Rc2 27. Nd3 Kf8 28. Nb4 Nxb4 29. Rxb4 Ke7 30. a4 Rc7 31. b3 Kf6 32. Rb5 Rc3 33. a5 bxa5 34. Rxa5 Rxb3 35. Rxa7 Rb5 36. Kg2 Kg6 37. Rc7 Kf6 38. g4 e5 39. dxe5+ Rxe5 40. Rd7 Kg6 41. h4 h5 42. Rd6+ f6 43. Rd4 Kf7 44. Kf3 g6 45. e4 Ke6 46. Kg3 Rc5 47. Rd5 Rxd5 48. exd5+ Kxd5 49. gxh5 gxh5 50. Kf4 Ke6 51. f3 Kf7 52. Kf5 Kg7 53. Ke6 Kg6 54. f4 Kg7 55. f5 Kh6 56. Kxf6 Kh7 57. Ke7 Kh8 58. f6 Kh7 59. f7 Kh8 60. f8=Q+ Kh7 61. Qf7+ Kh6 62. Qf6+ Kh7 63. Qg5 Kh8 64. Kf7 Kh7 65. Qg7# 1-0

[Event "Sparkassen-Open B"]
[Site "Heusenstamm, Martinsee"]
[Date "2023.11.25"]
[Round "5.40"]
[White "Rempe, Lennik"]
[Black "Culha, Merve"]
[Result "1-0"]
[WhiteElo "1321"]
[BlackElo "837"]
[PlyCount "77"]
[EventDate "2023.??.??"]
[WhiteTeam "SK Doppelbauer Kiel von 1910 e.V"]
[BlackTeam "SC Heusenstamm"]

1. e4 e5 2. Nf3 Nc6 3. Nc3 Nf6 4. d4 exd4 5. Nd5 Bc5 6. Bf4 d6 7. Bg5 Be6 8. Nxf6+ gxf6 9. Bh6 Bg4 10. Be2 Bxf3 11. Bxf3 Bb4+ 12. Bd2 Qe7 13. O-O O-O-O 14. a3 Bxd2 15. Qxd2 h5 16. h3 h4 17. Rfe1 Rdg8 18. Bg4+ Kb8 19. b4 Ne5 20. f3 c5 21. Rab1 d5 22. exd5 f5 23. Qf4 fxg4 24. Rxe5 Qc7 25. d6 Qd7 26. Re7 Qc6 27. d7+ Ka8 28. fxg4 Rd8 29. Rbe1 a6 30. bxc5 Rxd7 31. Qxf7 Rhd8 32. Rxd7 Rxd7 33. Re8+ Ka7 34. Qf8 b5 35. g5 d3 36. cxd3 Rxd3 37. Rc8 Qb7 38. c6 Rd1+ 39. Kh2 1-0

[Event "Sparkassen-Open B"]
[Site "Heusenstamm, Martinsee"]
[Date "2023.11.25"]
[Time "15:30:00"]
[Round "5.41"]
[PlyCount "104"]
[White "Chiokadze, Barbare"]
[Black "Fritsch, Reinhold"]
[Result "1-0"]
[WhiteElo "1151"]
[BlackElo "1580"]
[WhiteTeam "Wachtang Qarseladze"]
[BlackTeam "SC Somborn 1933"]

1. d4 Nf6 2. c4 g6 3. Nc3 Bg7 4. e4 d6 5. Be2 O-O 6. Bg5 c5 7. d5 h6 8. Be3 a6
9. a4 a5 10. Nf3 Na6 11. O-O Bd7 12. Qd2 Kh7 13. h3 Qc8 14. Bd3 Nb4 15. Bb1 Ng8
16. Ne1 f5 17. f4 fxe4 18. Bxe4 Bf5 19. Bxf5 Qxf5 20. Nb5 Na6 21. Nf3 Nf6 22.
Rac1 Rf7 23. Nh4 Qh5 24. Qe1 g5 25. fxg5 hxg5 26. Nf3 Bh6 27. Nh2 Rg8 28. Qf2
Rgf8 29. Qc2+ Qg6 30. Qxg6+ Kxg6 31. Bd2 b6 32. Nf3 Ne4 33. Be3 Nb4 34. Nc7 Nd3
35. Rc2 Nf4 36. Bxf4 gxf4 37. Ne6 Rg8 38. b3 Ng5 39. Nfxg5 Bxg5 40. Rcf2 Kh7
41. Nxg5+ Rxg5 42. Rxf4 Rxf4 43. Rxf4 Re5 44. Kf2 Kg6 45. Rf8 Re4 46. Rb8 Kf6
47. Rxb6 Ke5 48. Ra6 Kd4 49. Rxa5 Kc3 50. Rb5 Rd4 51. a5 Rd2+ 52. Kf3 1-0

[Event "Sparkassen-Open B"]
[Site "Heusenstamm, Martinsee"]
[Date "2023.11.25"]
[Round "5.42"]
[White "Pichl, Johann"]
[Black "Fischermann, Charlotte"]
[Result "1-0"]
[WhiteElo "1475"]
[BlackElo "1248"]
[PlyCount "140"]
[EventDate "2023.??.??"]
[WhiteTeam "SK Bad Homburg 1927"]
[BlackTeam "SG Porz e. V."]

1. d4 d5 2. Nf3 Nc6 3. c3 Bf5 4. Qb3 b6 5. Bf4 Nf6 6. e3 a6 7. Nbd2 e6 8. Be2 Bd6 9. Ne5 Bxe5 10. dxe5 Nd7 11. g4 Bg6 12. h4 h6 13. f3 Ncxe5 14. Bxe5 Nxe5 15. Bxa6 Bd3 16. Bxd3 Nxd3+ 17. Ke2 Nc5 18. Qc2 Qd7 19. b3 Qc6 20. c4 Nd7 21. Kf2 b5 22. Rhc1 Ra7 23. cxb5 Qxb5 24. Qc6 Qxc6 25. Rxc6 Ne5 26. Rc3 O-O 27. a4 Rc8 28. Rac1 Nd7 29. Rc6 Ne5 30. R6c3 Nd7 31. Ra1 Rb8 32. f4 c5 33. Ke2 f6 34. Ra2 Rb6 35. h5 Kf8 36. Kd1 Rd6 37. Nf3 Ke7 38. Kc2 e5 39. Ra1 e4 40. Nh4 Rb6 41. Rd1 Ke6 42. Nf5 Nb8 43. Nh4 Na6 44. Kc1 Rab7 45. Nf5 Nb4 46. Kb2 Na6 47. Ka3 Rc7 48. Rdc1 Rcb7 49. Rb1 c4 50. Nd4+ Kf7 51. Nb5 Nc7 52. bxc4 dxc4 53. Nd6+ Rxd6 54. Rxb7 Rc6 55. Rb4 Ra6 56. Kb2 Nd5 57. Rcxc4 Nxb4 58. Rxb4 Re6 59. Kc3 g6 60. hxg6+ Kg7 61. a5 Ra6 62. Rb5 Kxg6 63. Kb4 Kf7 64. Rb6 Ra7 65. Kb5 Ke8 66. a6 Kd8 67. Rxf6 Rd7 68. Rxh6 Kc7 69. g5 Kb8 70. g6 Ka7 1-0

[Event "Sparkassen-Open B"]
[Site "Heusenstamm, Martinsee"]
[Date "2023.11.25"]
[Round "5.43"]
[White "Koch, Mika Jonas"]
[Black "Plaumann, Finja"]
[Result "1-0"]
[WhiteElo "1412"]
[BlackElo "1260"]
[PlyCount "83"]
[EventDate "2023.??.??"]
[WhiteTeam "SK Marburg 1931/72"]
[BlackTeam "Sfr.Heidesheim"]

1. e4 e6 2. d4 d5 3. exd5 exd5 4. Bd3 Nf6 5. Nf3 Be7 6. Bf4 Nc6 7. c3 O-O 8. O-O Bd6 9. Bxd6 Qxd6 10. h3 Ne4 11. Nbd2 Nxd2 12. Qxd2 Ne7 13. Qc2 h6 14. Ne5 g6 15. Rad1 c5 16. Qd2 Kg7 17. Rfe1 cxd4 18. cxd4 Nc6 19. Bf1 Nxe5 20. Rxe5 Bd7 21. g3 Rae8 22. Rde1 Rxe5 23. Rxe5 f6 24. Re3 Qc7 25. Re7+ Rf7 26. Rxf7+ Kxf7 27. Qxh6 Qc2 28. Qh7+ Ke6 29. Qg8+ Ke7 30. Qxd5 Qxb2 31. Bg2 Qb1+ 32. Kh2 Qb2 33. Qc5+ Kd8 34. Qxa7 Qxf2 35. Qxb7 Qxa2 36. Qe4 Kc8 37. Qxg6 Bc6 38. Qf5+ Kc7 39. d5 Bb7 40. Qe6 Kb8 41. Qxf6 Ka7 42. h4 1-0

[Event "Sparkassen-Open B"]
[Site "Heusenstamm, Martinsee"]
[Date "2023.11.25"]
[Round "5.44"]
[White "Stecay, Anja Christina"]
[Black "Moissl, Felix"]
[Result "1-0"]
[WhiteElo "1182"]
[BlackElo "1404"]
[PlyCount "27"]
[EventDate "2023.??.??"]
[WhiteTeam "SF Neuberg"]
[BlackTeam "SJ Herborn 1998"]

1. e4 d5 2. exd5 Nf6 3. Nf3 Nxd5 4. d4 Nc6 5. Bc4 Be6 6. Bb3 Bg4 7. h3 Bh5 8. O-O e6 9. Bd2 Nxd4 10. g4 Nxf3+ 11. Qxf3 Bg6 12. Nc3 c6 13. Nxd5 cxd5 14. Ba4+ 1-0

[Event "Sparkassen-Open B"]
[Site "Heusenstamm, Martinsee"]
[Date "2023.11.25"]
[Round "5.45"]
[White "Weigand, Björn"]
[Black "Niesel, Markus"]
[Result "1-0"]
[WhiteElo "1389"]
[BlackElo "1186"]
[PlyCount "51"]
[EventDate "2023.??.??"]
[WhiteTeam "SV Frankfurt Nord 1926"]
[BlackTeam "SV 1934 Ffm-Griesheim"]

1. d4 d5 2. Nc3 Nf6 3. Bf4 Bd7 4. e3 a6 5. Nf3 Bf5 6. Ne5 e6 7. g4 Bg6 8. h4 h5 9. g5 Ne4 10. Nxg6 fxg6 11. a3 Nxc3 12. bxc3 Qd7 13. Qd3 Qf7 14. Bg2 c6 15. a4 Nd7 16. a5 c5 17. c4 dxc4 18. Qxc4 Ra7 19. Rb1 e5 20. Qxf7+ Kxf7 21. Bd5+ Ke8 22. dxe5 c4 23. Bxc4 Nc5 24. Bd5 Be7 25. O-O Rf8 26. Rb6 1-0

[Event "Sparkassen-Open B"]
[Site "Heusenstamm, Martinsee"]
[Date "2023.11.25"]
[Round "5.46"]
[White "Arne, Julius"]
[Black "Matsoukas, Konstantinos"]
[Result "0-1"]
[WhiteElo "1073"]
[BlackElo "1205"]
[PlyCount "76"]
[EventDate "2023.??.??"]
[WhiteTeam "SG Kaiserslautern 1905"]
[BlackTeam "SAbt TuS Makkabi Ffm"]

1. e4 e5 2. Nc3 Nf6 3. Bc4 Nxe4 4. Nxe4 d5 5. Bxd5 Qxd5 6. Qf3 Nc6 7. d3 Be6 8. Ng3 Nd4 9. Qxd5 Bxd5 10. Nf3 Nxc2+ 11. Kd1 Nxa1 12. Be3 f6 13. b3 Ba3 14. Kd2 Bb4+ 15. Kd1 a5 16. Kc1 a4 17. bxa4 Rxa4 18. Bd2 Bxd2+ 19. Kxd2 Rxa2+ 20. Kc3 Nb3 21. Rb1 Nc5 22. d4 exd4+ 23. Kxd4 Bxf3 24. Re1+ Kf7 25. gxf3 Ne6+ 26. Ke3 b5 27. Rb1 Rb8 28. Ne4 Ke7 29. Nc3 Ra3 30. Kd2 c6 31. Re1 Kf7 32. Rc1 c5 33. Ne4 Rd8+ 34. Ke2 Nd4+ 35. Kf1 c4 36. Nd2 c3 37. Nb1 Ra1 38. Ke1 c2 0-1